Countries with Dolphinariums - Statistics

General Stats
  • This quiz has been taken 32 times
  • The average score is 16 of 20
Answer Stats
Number Country Continent % Correct
2 Canada Americas
100%
38 China Asia
100%
4 France Europe
97%
33 United States Americas
97%
2 Germany Europe
93%
35 Japan Asia
93%
21 Mexico Americas
93%
4 South Korea Asia
93%
11 Spain Europe
93%
8 Russia Europe
90%
3 Italy Europe
86%
9 Turkey Asia
72%
5 Ukraine Europe
69%
2 Thailand Asia
62%
3 Bahamas Americas
59%
5 Cuba Americas
59%
3 Venezuela Americas
55%
4 Dominican Republic Americas
48%
4 Iran Asia
48%
3 Jamaica Americas
48%
No matching quizzes found
Score Distribution
Percent of People with Each Score
Percentile by Number Answered
Your Score History
You have not taken this quiz